Ejercicios espirituales de San Ignacio
Na minha lista:
| Autor principal: | |
|---|---|
| Formato: | Livro |
| Idioma: | espanhol |
| Publicado em: |
Barcelona
Librería Religiosa
1859
|
| Edição: | 1a. ed |
| Assuntos: | |
| Tags: |
Adicionar Tag
Sem tags, seja o primeiro a adicionar uma tag!
|
MARC
| LEADER | 00000cam a2200000 a 4500 | ||
|---|---|---|---|
| 001 | UCD1001 | ||
| 003 | CL-VaPUC | ||
| 008 | 151231e18590000sp |||||||||||||||||spa|d | ||
| 082 | 0 | 4 | |a 248.34 |b IGN |2 21 |
| 100 | 0 | |a San Ignacio |e author |9 374802 | |
| 245 | 1 | 0 | |a Ejercicios espirituales de San Ignacio |
| 250 | |a 1a. ed | ||
| 300 | |a 462 p | ||
| 942 | |c BK | ||
| 945 | |d 20151231 00:35:00 |a gsalatino | ||
| 260 | |a Barcelona |b Librería Religiosa |c 1859 | ||
| 650 | 0 | |a Ejercicios espirituales |9 318608 | |
| 650 | 0 | |a Vida espiritual |9 307811 | |
| 650 | 7 | |a MEDITACION |2 CL-VaPUC |9 313094 | |
| 583 | |a last modification |c 20151231 00:35:00 |k Rodrigo Vera | ||
| 999 | |c 362431 |d 362429 | ||
| 952 | |0 0 |1 0 |3 erd |4 0 |6 248_340000000000000_IGN_1859 |7 0 |8 P |9 473699 |a BIBTEO |b BIBTES |c TEO_FTES |i 5275202 |o 248.34 IGN 1859 |p 5275202 |r 2024-01-18 |w 2019-11-24 |y BK |z Catalogado en:20151231 |k ICR | ||